Provinces de Belgique et leurs chefs-lieux - Statistiques

Statistiques générales
  • Ce quiz a été pris 356 fois
  • Le résultat moyen est 19 sur 22
Statistiques - réponses
Hint Réponse % Correct
8 Liège
97%
8 Liège
97%
10 Namur
94%
10 Namur
94%
1 Anvers
92%
1 Anvers
92%
9 Luxembourg
89%
7 Hainaut
88%
11 Bruxelles
85%
11 Bruxelles
85%
7 Mons
85%
6 Brabant wallon
84%
3 Gand
84%
5 Flandre-Occidentale
83%
3 Flandre-Orientale
83%
2 Limbourg
83%
4 Brabant flamand
82%
9 Arlon
78%
5 Bruges
78%
2 Hasselt
75%
4 Louvain
73%
6 Wavre
71%
Aucun quiz correspondant
Distribution des résultats
% des personnes avec chaque résultat
Percentile par nombre de réponses
Votre historique - résultats
Vous n’avez pas pris ce quiz